[Event "SLO-chT 32nd"]
[Site "Ljubljana"]
[Date "2022.09.09"]
[Round "4.3"]
[White "Acimovic, Sergej"]
[Black "Polajzer, Danilo"]
[Result "0-1"]
[WhiteElo "2114"]
[BlackElo "2210"]
[PlyCount "92"]
[EventDate "2022.09.02"]
[EventType "team-tourn"]
[EventRounds "9"]
[EventCountry "SLO"]
[SourceTitle "EXT 2023"]
[Source "ChessBase"]
[SourceDate "2022.10.05"]
[SourceVersion "1"]
[SourceVersionDate "2022.10.05"]
[SourceQuality "1"]
[WhiteTeam "Kocevje"]
[BlackTeam "Ptuj"]
[WhiteTeamCountry "SVK"]
[BlackTeamCountry "SLO"]

1. d4 d5 2. c4 c6 3. e3 Nf6 4. Nf3 e6 5. Nc3 Ne4 6. Nxe4 dxe4 7. Nd2 f5 8. g3 c5 9. Nb3 cxd4 10. exd4 Bb4+ 11. Bd2 Nc6 12. Bg2 a5 13. Bxb4 Nxb4 14. 0-0 0-0 15. Qd2 b6 16. a3 Nc6 17. Rfd1 Ba6 18. Rac1 a4 19. Na1 e5 20. Nc2 Bxc4 21. Ne3 Bb5 22. dxe5 Qxd2 23. Rxd2 Nxe5 24. Rd5 Nd3 25. Rc7 Nc5 26. Nxf5 Bc4 27. Ne7+ Kh8 28. Rd4 Bd3 29. Rc6 Rae8 30. Nd5 Ne6 31. Rb4 b5 32. h4 Bc4 33. Rcxc4 bxc4 34. Rxc4 Rb8 35. Rxe4 Nc5 36. Rb4 Nd3 37. Rxa4 Rxb2 38. f4 Re8 39. Ne3 g6 40. Nf1 Ree2 41. Bd5 Nf2 42. Ra8+ Kg7 43. Ra7+ Kf8 44. Rxh7 Nh3+ 45. Kh1 Rf2 46. Bc4 Rg2 0-1

[Event "SLO-ch 32nd"]
[Site "Radenci"]
[Date "2022.07.05"]
[Round "4"]
[White "Acimovic, Sergej"]
[Black "Mohar, Martin"]
[Result "1-0"]
[WhiteElo "2097"]
[BlackElo "1745"]
[PlyCount "107"]
[EventDate "2022.07.03"]
[EventType "swiss"]
[EventRounds "9"]
[EventCountry "SLO"]
[SourceTitle "EXT 2023"]
[Source "ChessBase"]
[SourceDate "2022.10.05"]
[SourceVersion "1"]
[SourceVersionDate "2022.10.05"]
[SourceQuality "1"]

1. d4 Nf6 2. c4 g6 3. Nc3 d5 4. cxd5 Nxd5 5. e4 Nxc3 6. bxc3 Bg7 7. Be3 c5 8. Nf3 Qa5 9. Qd2 0-0 10. Rb1 a6 11. Rc1 Rd8 12. Bd3 Nc6 13. d5 e6 14. Bg5 f6 15. Bh6 exd5 16. exd5 c4 17. Bxc4 Be6 18. Be3 Bxd5 19. Bxd5+ Qxd5 20. Qxd5+ Rxd5 21. Ke2 Re8 22. Rhd1 Rxd1 23. Kxd1 Ne5 24. Nxe5 Rxe5 25. Kc2 Rd5 26. c4 Rd7 27. Kb3 f5 28. Rc2 Be5 29. g3 Kf7 30. c5 h5 31. Kc4 Ke6 32. Re2 Kf7 33. a4 Bf6 34. Rc2 Ke6 35. Rc1 Kf7 36. c6 bxc6 37. Kc5 Rb7 38. Kxc6 Rb4 39. a5 Bd4 40. Bxd4 Rxd4 41. Kb7 Rd2 42. f4 Rxh2 43. Rc7+ Ke8 44. Kxa6 Rh3 45. Kb7 Rxg3 46. Rc6 Ra3 47. a6 Kf7 48. a7 Rxa7+ 49. Kxa7 g5 50. fxg5 f4 51. Kb6 f3 52. Kc5 h4 53. Kd4 h3 54. Ke4 1-0

[Event "Portoroz Nat Festival 30th"]
[Site "Portoroz"]
[Date "2020.09.03"]
[Round "1"]
[White "Acimovic, Sergej"]
[Black "Smirnov, Maksim"]
[Result "1-0"]
[WhiteElo "2020"]
[BlackElo "1156"]
[PlyCount "57"]
[EventDate "2020.09.03"]
[EventType "swiss"]
[EventRounds "9"]
[EventCountry "SLO"]
[SourceTitle "CBM 198 Extra"]
[Source "ChessBase"]
[SourceDate "2020.11.30"]
[SourceVersion "1"]
[SourceVersionDate "2020.11.30"]
[SourceQuality "1"]

1. d4 c6 2. c4 d5 3. Nf3 Bf5 4. Nc3 e6 5. e3 Nf6 6. Nh4 Bg4 7. Qc2 Bb4 8. h3 Bxc3+ 9. bxc3 Bh5 10. g4 Ne4 11. Nf3 Bg6 12. Ne5 Nd7 13. Nxg6 hxg6 14. Ba3 Ndf6 15. Bg2 Qc7 16. 0-0-0 0-0-0 17. c5 Qa5 18. Bb4 Qb5 19. Bf1 Nxf2 20. Bxb5 Nxh1 21. Bxc6 bxc6 22. Rxh1 Nxg4 23. Qa4 Kb7 24. Ba5 Rc8 25. Kd2 a6 26. Rb1+ Ka7 27. Bb6+ Kb7 28. Bd8+ Ka7 29. Rb6 1-0

[Event "World ol U16"]
[Site "Corum"]
[Date "2019.11.03"]
[Round "6.16"]
[White "Zaid, Alaa Chasib"]
[Black "Acimovic, Sergej"]
[Result "0-1"]
[WhiteElo "1844"]
[BlackElo "1998"]
[PlyCount "93"]
[EventDate "2019.10.29"]
[EventType "team-swiss"]
[EventRounds "9"]
[EventCountry "TUR"]
[SourceTitle "CBM 192 Extra"]
[Source "Chessbase"]
[SourceDate "2019.11.06"]
[SourceVersion "1"]
[SourceVersionDate "2019.11.06"]
[SourceQuality "1"]
[WhiteTeam "Iraq"]
[BlackTeam "Slovenia"]
[WhiteTeamCountry "IRQ"]
[BlackTeamCountry "SLO"]

1. e4 c5 2. Nc3 Nc6 3. f4 g6 4. Nf3 Bg7 5. Bb5 Nd4 6. 0-0 Nxb5 7. Nxb5 d5 8. exd5 a6 9. Nc3 Nf6 10. d3 Nxd5 11. Bd2 0-0 12. Qe1 Nb4 13. Rc1 b6 14. a3 Nc6 15. Qh4 Nd4 16. Nxd4 Qxd4+ 17. Kh1 e6 18. Rce1 Bb7 19. Be3 Qd7 20. Ne4 Qd8 21. Qxd8 Rfxd8 22. b4 Bxe4 23. dxe4 Bd4 24. bxc5 bxc5 25. g3 Rab8 26. Kg2 Rb2 27. Rf2 Ra2 28. Rd1 Rxa3 29. Bxd4 Rxd4 30. Rxd4 cxd4 31. Rd2 Rc3 32. Rxd4 Rxc2+ 33. Kf3 h5 34. Ra4 Rc6 35. g4 Rc3+ 36. Kg2 hxg4 37. Rxa6 Rc4 38. Kg3 Rxe4 39. Kxg4 e5 40. Rf6 Rxf4+ 41. Rxf4 exf4 42. h4 Kg7 43. Kxf4 Kh6 44. Kg4 f6 45. Kf4 Kh5 46. Kg3 f5 47. Kh3 0-1

[Event "World ol U16"]
[Site "Corum"]
[Date "2019.10.31"]
[Round "4.16"]
[White "Acimovic, Sergej"]
[Black "Baranciuc, Alexandr"]
[Result "0-1"]
[WhiteElo "1998"]
[BlackElo "1923"]
[PlyCount "98"]
[EventDate "2019.10.29"]
[EventType "team-swiss"]
[EventRounds "9"]
[EventCountry "TUR"]
[SourceTitle "CBM 192 Extra"]
[Source "Chessbase"]
[SourceDate "2019.11.06"]
[SourceVersion "1"]
[SourceVersionDate "2019.11.06"]
[SourceQuality "1"]
[WhiteTeam "Slovenia"]
[BlackTeam "Moldova"]
[WhiteTeamCountry "SLO"]
[BlackTeamCountry "MDA"]

1. d4 Nf6 2. c4 c5 3. d5 e6 4. Nc3 exd5 5. cxd5 d6 6. e4 g6 7. Be2 Bg7 8. Nf3 0-0 9. 0-0 Re8 10. Qc2 Na6 11. Re1 Rb8 12. h3 Nc7 13. a4 a6 14. a5 b5 15. axb6 Rxb6 16. Bg5 h6 17. Bd2 Bd7 18. Bd3 Qb8 19. Qc1 Kh7 20. Ra2 Qb7 21. Bf4 Nh5 22. Bh2 Rb8 23. g4 Nf6 24. Nd2 Rxb2 25. Rxb2 Qxb2 26. Bxd6 Nfe8 27. Bxc7 Nxc7 28. Ne2 a5 29. Nb1 Bb5 30. Bxb5 Nxb5 31. Qd1 Nd4 32. Nec3 Be5 33. d6 Bxd6 34. e5 Be7 35. Ne4 Qb3 36. Nbd2 Qxd1 37. Rxd1 a4 38. Ra1 Rb4 39. Nc3 Nb3 40. Ra2 Nxd2 41. Rxd2 Rc4 42. Nd5 Rd4 43. Ra2 Rxd5 44. Rxa4 Rxe5 45. Kg2 Kg7 46. f4 Rd5 47. Ra7 Bf6 48. Rc7 Rd2+ 49. Kf3 Bd4 0-1

[Event "SLO-chT1 West 29th"]
[Site "Slovenia"]
[Date "2019.09.20"]
[Round "1.2"]
[White "Ivanusa, Blaz"]
[Black "Acimovic, Sergej"]
[Result "1-0"]
[WhiteElo "2056"]
[BlackElo "1983"]
[PlyCount "99"]
[EventDate "2019.09.20"]
[EventType "team-tourn"]
[EventRounds "9"]
[EventCountry "SLO"]
[SourceTitle "CBM 192 Extra"]
[Source "Chessbase"]
[SourceDate "2019.11.06"]
[SourceVersion "1"]
[SourceVersionDate "2019.11.06"]
[SourceQuality "1"]
[WhiteTeam "Trebnje BMP"]
[BlackTeam "Kocevje"]
[WhiteTeamCountry "SLO"]
[BlackTeamCountry "SLO"]

1. Nf3 Nf6 2. g3 g6 3. Bg2 Bg7 4. 0-0 0-0 5. c4 d6 6. Nc3 a6 7. Rb1 c5 8. a3 Bf5 9. d3 Nc6 10. b4 cxb4 11. axb4 Qd7 12. Re1 Bh3 13. Bh1 Ng4 14. Nd5 Rad8 15. Ng5 Nf6 16. b5 axb5 17. cxb5 Nxd5 18. Bxd5 Nd4 19. Nxh3 Qxh3 20. Bxb7 Qd7 21. Ba6 Ra8 22. e3 Ne6 23. d4 Rfb8 24. Bd2 h5 25. h4 Nc7 26. Qe2 Qf5 27. e4 Qg4 28. Qd3 Bf6 29. Kh2 e5 30. f3 Qd7 31. dxe5 Bxe5 32. Be3 Qe6 33. f4 Bg7 34. f5 Qa2+ 35. Re2 Qa4 36. fxg6 fxg6 37. b6 Nxa6 38. b7 Nc5 39. Bxc5 dxc5 40. bxa8Q Rxa8 41. Qd5+ Kh7 42. Qxc5 Ra5 43. Qb4 Qxb4 44. Rxb4 Be5 45. Rb7+ Kh6 46. Rb3 Kg7 47. Kg2 Ra1 48. Rb7+ Kh6 49. Rd2 Bd6 50. g4 1-0

[Event "SLO-chT U20"]
[Site "Dobrna"]
[Date "2019.08.28"]
[Round "3.9"]
[White "Bajc, Aleksander"]
[Black "Acimovic, Sergej"]
[Result "0-1"]
[WhiteElo "1854"]
[BlackElo "2016"]
[PlyCount "156"]
[EventDate "2019.08.27"]
[EventType "team-tourn"]
[EventRounds "7"]
[EventCountry "SLO"]
[SourceTitle "EXT 2020"]
[Source "ChessBase"]
[SourceDate "2019.10.17"]
[SourceVersion "1"]
[SourceVersionDate "2019.10.17"]
[SourceQuality "1"]

1. d4 Nf6 2. c4 g6 3. g3 Bg7 4. Bg2 d6 5. Nc3 0-0 6. Nf3 a6 7. 0-0 Nc6 8. h3 Na5 9. b3 Rb8 10. Qc2 b5 11. Nd2 Nd7 12. e3 c5 13. Ne2 cxd4 14. exd4 Qb6 15. Nf3 Bb7 16. Bd2 Rfc8 17. Bxa5 Qxa5 18. Rab1 Qc7 19. Nd2 Bxg2 20. Kxg2 Bh6 21. Rbc1 Nb6 22. c5 dxc5 23. dxc5 Nd5 24. Rfd1 Nb4 25. Qe4 a5 26. a3 Na6 27. b4 axb4 28. axb4 Qc6 29. Qxc6 Rxc6 30. Nd4 Rc7 31. Rb1 Rd7 32. N4b3 Nxb4 33. Ne4 Rxd1 34. Rxd1 f5 35. Nc3 Bg7 36. Ne2 Kf7 37. f4 Rc8 38. Rc1 Bb2 39. Rb1 Bf6 40. Nd2 Rxc5 41. Rxb4 Rc2 42. Rxb5 Rxd2 43. Kf3 Rb2 44. Ra5 Rb3+ 45. Kf2 Ke6 46. Kg2 Rd3 47. g4 Re3 48. gxf5+ gxf5 49. Ng3 Rb3 50. Nxf5 Bc3 51. Rc5 Kf6 52. Ng3 Bd4 53. Rf5+ Kg6 54. Rg5+ Kf7 55. Rf5+ Bf6 56. Ra5 Kg6 57. Ra6 h5 58. Ne4 h4 59. Ra5 Re3 60. Nxf6 exf6 61. Ra8 Rg3+ 62. Kh2 Rf3 63. Kg2 Rxf4 64. Rg8+ Kf5 65. Re8 Ra4 66. Re2 Ra3 67. Rf2+ Kg5 68. Rb2 f5 69. Rb8 Rg3+ 70. Kh2 Re3 71. Rg8+ Kf4 72. Ra8 Kf3 73. Ra7 f4 74. Rf7 Re2+ 75. Kh1 Kg3 76. Rg7+ Kxh3 77. Rg2 Re1+ 78. Rg1 Rxg1+ 0-1

[Event "EU-ch U16"]
[Site "Bratislava"]
[Date "2019.08.07"]
[Round "6"]
[White "Djukaric, Milos"]
[Black "Acimovic, Sergej"]
[Result "1/2-1/2"]
[WhiteElo "1730"]
[BlackElo "2016"]
[PlyCount "89"]
[EventDate "2019.08.02"]
[EventType "swiss"]
[EventRounds "9"]
[EventCountry "SVK"]
[SourceTitle "CBM 191 Extra"]
[Source "ChessBase"]
[SourceDate "2019.09.30"]
[SourceVersion "1"]
[SourceVersionDate "2019.09.30"]
[SourceQuality "1"]

1. d4 Nf6 2. c4 g6 3. Nf3 Bg7 4. Nc3 0-0 5. e4 d6 6. Be2 e5 7. dxe5 dxe5 8. Qxd8 Rxd8 9. Bg5 Re8 10. Nd5 Nxd5 11. cxd5 c6 12. d6 f6 13. Bc4+ Be6 14. Bxe6+ Rxe6 15. Rd1 Na6 16. Be3 b6 17. Ke2 Rd8 18. d7 Nb8 19. a4 Kf7 20. a5 c5 21. Rd5 Rxd7 22. Rhd1 Rb7 23. Nd2 Bf8 24. Nc4 Be7 25. h4 Nc6 26. axb6 axb6 27. g4 Nd4+ 28. Bxd4 cxd4 29. Rb5 Ke8 30. f3 Kd7 31. g5 fxg5 32. Nxe5+ Ke8 33. hxg5 Bxg5 34. Nc4 Be7 35. Rxd4 g5 36. b4 Kf8 37. Kd3 h5 38. e5 h4 39. Ke4 h3 40. Rd2 Rh6 41. Rh2 Rc7 42. Ne3 Rh4+ 43. Kd5 Bxb4 44. Nf5 Rf4 45. Rxh3 1/2-1/2

[Event "EU-ch U16"]
[Site "Bratislava"]
[Date "2019.08.05"]
[Round "4"]
[White "Hanzl, Tadeas"]
[Black "Acimovic, Sergej"]
[Result "0-1"]
[WhiteElo "1691"]
[BlackElo "2016"]
[PlyCount "50"]
[EventDate "2019.08.02"]
[EventType "swiss"]
[EventRounds "9"]
[EventCountry "SVK"]
[SourceTitle "CBM 191 Extra"]
[Source "ChessBase"]
[SourceDate "2019.09.30"]
[SourceVersion "1"]
[SourceVersionDate "2019.09.30"]
[SourceQuality "1"]

1. e4 c5 2. Nf3 Nc6 3. d4 cxd4 4. Nxd4 Nf6 5. Nc3 e5 6. Ndb5 d6 7. Bg5 a6 8. Na3 b5 9. Nd5 Be7 10. Bxf6 Bxf6 11. c3 Bg5 12. Nc2 Rb8 13. a4 bxa4 14. Ncb4 Nxb4 15. Nxb4 Bd7 16. Bxa6 Qa5 17. Qxd6 Rb6 18. Qd3 Be7 19. Rd1 Be6 20. Nc6 Rxc6 21. Bb5 Qb6 22. Bxa4 0-0 23. Bxc6 Qxc6 24. b4 Bc4 25. Qd7 Qxe4+ 0-1

[Event "SLO-chT U16"]
[Site "Nova Gorica"]
[Date "2019.05.26"]
[Round "5"]
[White "Brilej, Jaka"]
[Black "Acimovic, Sergej"]
[Result "1/2-1/2"]
[WhiteElo "2050"]
[BlackElo "2030"]
[PlyCount "69"]
[EventDate "2019.05.24"]
[EventType "team-swiss"]
[EventRounds "5"]
[EventCountry "SLO"]
[SourceTitle "EXT 2020"]
[Source "ChessBase"]
[SourceDate "2019.10.17"]
[SourceVersion "1"]
[SourceVersionDate "2019.10.17"]
[SourceQuality "1"]

1. e4 c5 2. Nf3 Nc6 3. d4 cxd4 4. Nxd4 Nf6 5. Nc3 e5 6. Ndb5 d6 7. Bg5 a6 8. Na3 b5 9. Nd5 Be7 10. Bxf6 Bxf6 11. c3 Bg5 12. Nc2 Rb8 13. a4 bxa4 14. Ncb4 Nxb4 15. cxb4 0-0 16. Rxa4 a5 17. h4 Bh6 18. b5 Kh8 19. Be2 Be6 20. g3 Rc8 21. Rc4 Rxc4 22. Bxc4 f5 23. exf5 Bxf5 24. 0-0 Qd7 25. Ne3 Be4 26. Bd5 Bxe3 27. Bxe4 Bd4 28. Qd3 h6 29. b3 d5 30. Bg2 Qd6 31. Qc2 e4 32. Kh2 Qb6 33. Qc6 Qxc6 34. bxc6 Rc8 35. Rd1 1/2-1/2

[Event "Nova Gorica op 24th"]
[Site "Nova Gorica"]
[Date "2019.01.26"]
[Round "2"]
[White "Kralj, Nika"]
[Black "Acimovic, Sergej"]
[Result "1/2-1/2"]
[WhiteElo "1828"]
[BlackElo "1965"]
[PlyCount "95"]
[EventDate "2019.01.25"]
[EventType "swiss"]
[EventRounds "9"]
[EventCountry "SLO"]
[SourceTitle "CBM 188 Extra"]
[Source "ChessBase"]
[SourceDate "2019.02.28"]
[SourceVersion "1"]
[SourceVersionDate "2019.02.28"]
[SourceQuality "1"]

1. e4 c5 2. Nf3 Nc6 3. d4 cxd4 4. Nxd4 Nf6 5. Nc3 e5 6. Ndb5 d6 7. Bg5 a6 8. Na3 b5 9. Nd5 Be7 10. Bxf6 Bxf6 11. c3 Bg5 12. Nc2 Rb8 13. a4 bxa4 14. Ncb4 Nxb4 15. cxb4 0-0 16. Rxa4 a5 17. b5 Bd7 18. Nc3 d5 19. exd5 e4 20. Rxe4 f5 21. Rd4 Bf6 22. Rd2 Re8+ 23. Be2 Bxc3 24. bxc3 Bxb5 25. 0-0 Rxe2 26. Rxe2 Bxe2 27. Qxe2 Qxd5 28. c4 Qc6 29. h3 Rb4 30. c5 h6 31. Qa2+ Kh7 32. Qxa5 Rb5 33. Qd2 Rxc5 34. Rd1 Rc2 35. Qd5 Qxd5 36. Rxd5 f4 37. Rf5 g5 38. h4 Kg6 39. Rf8 Rc1+ 40. Kh2 Rf1 41. hxg5 hxg5 42. f3 Rb1 43. Re8 Rb5 44. Kh3 Rb2 45. Kh2 Kf5 46. Rf8+ Kg6 47. Re8 Kf5 48. Rf8+ 1/2-1/2

[Event "Otocec Krka Terme op"]
[Site "Otocec"]
[Date "2018.12.27"]
[Round "6"]
[White "Mestek, Igor"]
[Black "Acimovic, Sergej"]
[Result "1-0"]
[WhiteElo "2144"]
[BlackElo "2003"]
[PlyCount "49"]
[EventDate "2018.12.25"]
[EventType "swiss"]
[EventRounds "9"]
[EventCountry "SLO"]
[SourceTitle "EXT 2020"]
[Source "ChessBase"]
[SourceDate "2019.10.17"]
[SourceVersion "1"]
[SourceVersionDate "2019.10.17"]
[SourceQuality "1"]

1. e4 c5 2. Nc3 Nc6 3. f4 g6 4. Nf3 Bg7 5. Bb5 Nd4 6. 0-0 Nxb5 7. Nxb5 d5 8. exd5 a6 9. Nc3 Nf6 10. d4 Nxd5 11. dxc5 Nxc3 12. Qxd8+ Kxd8 13. bxc3 Bxc3 14. Rb1 Kc7 15. Rb3 Bg7 16. Bd2 Bf5 17. Ba5+ Kc8 18. Rf2 Be4 19. Rd2 h6 20. Ne5 Bxe5 21. fxe5 Bf5 22. Bb6 a5 23. g4 a4 24. Rb4 Ra6 25. gxf5 1-0

[Event "Otocec Krka Terme op"]
[Site "Otocec"]
[Date "2018.12.25"]
[Round "2"]
[White "Acimovic, Sergej"]
[Black "Novak, Simona"]
[Result "1-0"]
[WhiteElo "2003"]
[BlackElo "1699"]
[PlyCount "63"]
[EventDate "2018.12.25"]
[EventType "swiss"]
[EventRounds "9"]
[EventCountry "SLO"]
[SourceTitle "EXT 2020"]
[Source "ChessBase"]
[SourceDate "2019.10.17"]
[SourceVersion "1"]
[SourceVersionDate "2019.10.17"]
[SourceQuality "1"]

1. d4 d5 2. c4 c6 3. Nf3 Nf6 4. e3 e6 5. Be2 Nbd7 6. Nbd2 Bb4 7. 0-0 0-0 8. b3 c5 9. Bb2 cxd4 10. Nxd4 Bd6 11. cxd5 Nxd5 12. Nc4 Be7 13. Bf3 N7b6 14. Rc1 Bf6 15. Qe2 Nxc4 16. Qxc4 a6 17. Rfd1 b5 18. Qc2 Qb6 19. e4 Nb4 20. Qd2 Be7 21. a3 a5 22. axb4 Bxb4 23. Qg5 f6 24. Qxb5 Qxb5 25. Nxb5 Bb7 26. Rd7 Rf7 27. Rxf7 Kxf7 28. Rc7+ Kg6 29. Rxb7 Rd8 30. h4 Rd2 31. Bc1 Rc2 32. h5# 1-0

[Event "Ptuj op"]
[Site "Ptuj"]
[Date "2018.08.12"]
[Round "6"]
[White "Acimovic, Sergej"]
[Black "Acimovic, Vasja"]
[Result "0-1"]
[WhiteElo "1864"]
[BlackElo "2000"]
[PlyCount "120"]
[EventDate "2018.08.07"]
[EventType "swiss"]
[EventRounds "9"]
[EventCountry "SLO"]
[SourceTitle "CBM 186 Extra"]
[Source "ChessBase"]
[SourceDate "2018.08.24"]
[SourceVersion "1"]
[SourceVersionDate "2018.08.24"]
[SourceQuality "1"]

1. e4 c5 2. Nf3 Nc6 3. d4 cxd4 4. Nxd4 Nf6 5. Nc3 e6 6. Ndb5 Bb4 7. Nd6+ Ke7 8. Nxc8+ Rxc8 9. Bd3 Re8 10. Bd2 Kf8 11. 0-0 Kg8 12. Nb5 Be7 13. Qe2 e5 14. Be3 a6 15. Nc3 Bb4 16. Na4 Nd4 17. Qd1 Ba5 18. c4 b5 19. Bxd4 bxc4 20. Bc2 exd4 21. Qxd4 Qc7 22. Rac1 Qf4 23. g3 Qg4 24. f3 Qh5 25. Nc3 Rc6 26. Nd5 Nxd5 27. Qxd5 Bb6+ 28. Kh1 Qh3 29. Qd2 Rh6 30. Qg2 Qxg2+ 31. Kxg2 d5 32. Rfe1 d4 33. Ba4 Rc8 34. b3 c3 35. Red1 Bc5 36. Rd3 a5 37. Bd7 Rc7 38. Bb5 g5 39. Rc2 Kf8 40. Bc4 Ke7 41. Rd1 Rb6 42. Bd5 Ra7 43. Bc4 a4 44. bxa4 Rxa4 45. Bb3 Rab4 46. Kf1 h5 47. Ke2 h4 48. g4 h3 49. Kd3 f6 50. Rg1 Bd6 51. Rh1 Be5 52. Rf1 Kd6 53. Rg1 Kc5 54. Re2 Ra6 55. Kc2 Ra3 56. Kd3 Rbxb3 57. axb3 Kb4 58. Rb1 Rxb3 59. Rc1 c2+ 60. Kd2 d3 0-1

[Event "Ptuj op"]
[Site "Ptuj"]
[Date "2018.08.07"]
[Round "1"]
[White "Jalovec, Igor"]
[Black "Acimovic, Sergej"]
[Result "0-1"]
[WhiteElo "1187"]
[BlackElo "1864"]
[PlyCount "54"]
[EventDate "2018.08.07"]
[EventType "swiss"]
[EventRounds "9"]
[EventCountry "SLO"]
[SourceTitle "CBM 186 Extra"]
[Source "ChessBase"]
[SourceDate "2018.08.24"]
[SourceVersion "1"]
[SourceVersionDate "2018.08.24"]
[SourceQuality "1"]

1. e4 c5 2. c3 Nf6 3. e5 Nd5 4. d4 cxd4 5. cxd4 d6 6. Nf3 Nc6 7. Bc4 Nb6 8. Bd3 Bg4 9. Bb5 Bd7 10. 0-0 Nxe5 11. dxe5 Bxb5 12. Re1 dxe5 13. Nc3 Qxd1 14. Rxd1 Bc6 15. Nxe5 e6 16. Be3 Nd5 17. Nxd5 Bxd5 18. b3 Ba3 19. Bd4 0-0 20. Nd3 Rfd8 21. Bc5 Bxc5 22. Nxc5 Rac8 23. Na4 Rc2 24. Rd3 Rdc8 25. b4 Rxa2 26. Rdd1 Rxa1 27. Rxa1 Rc4 0-1